| 000 -CABECERA |
| campo de control de longitud fija |
02887nam a22003257a 4500 |
| 003 - IDENTIFICADOR DEL NÚMERO DE CONTROL |
| campo de control |
OSt |
| 005 - FECHA Y HORA DE LA ÚLTIMA TRANSACCIÓN |
| campo de control |
20231006171508.0 |
| 008 - DATOS DE LONGITUD FIJA--INFORMACIÓN GENERAL |
| campo de control de longitud fija |
231006b ||||| |||| 00| 0 spa d |
| 040 ## - FUENTE DE LA CATALOGACIÓN |
| Centro/agencia transcriptor |
CO-MqBPB |
| 041 ## - CÓDIGO DE LENGUA |
| Código de lengua del texto/banda sonora o título independiente |
spa |
| 082 ## - NÚMERO DE LA CLASIFICACIÓN DECIMAL DEWEY |
| Número de clasificación |
860.319 |
| Número de documento/Ítem |
M37p |
| 100 ## - ENTRADA PRINCIPAL--NOMBRE DE PERSONA |
| Nombre de persona |
Lauber, Mirko |
| 245 ## - MENCIÓN DE TÍTULO |
| Título |
Presencia viva de la poesía IV Encuentro de Poetas Hispanoamericanos, lectura de poemas / |
| Mención de responsabilidad, etc. |
Mirko Lauer |
| 260 ## - PUBLICACIÓN, DISTRIBUCIÓN, ETC. |
| Lugar de publicación, distribución, etc. |
Bogotá: |
| Nombre del editor, distribuidor, etc. |
Casa de Poesía Silva, |
| Fecha de publicación, distribución, etc. |
1995 |
| 300 ## - DESCRIPCIÓN FÍSICA |
| Extensión |
1 compact disc son. |
| Otras características físicas |
(60 min.) : digital ; |
| Dimensiones |
12 cm. |
| 490 ## - MENCIÓN DE SERIE |
| Mención de serie |
Voces para el tiempo |
| 500 ## - NOTA GENERAL |
| Nota general |
Lectura realizada el 24 de octubre de 1995. |
| 505 ## - NOTA DE CONTENIDO CON FORMATO |
| Nota de contenido con formato |
Anuncio / María Mercedes Carranza (1:07 min.) ; Presentación de Mirko Lauer / John Fitzgerald Torres (0:50 min.) ; Un escándalo en bohemia / Mirko Lauer (6:20 min.) ; ExMiami, ExHabana, ExCairo, ExLima (3:12 min.) ; Oigo un ejército entero (4:04 min.) ; Presentación de Gonzalo Millán / John Fitzgerald Torres (0:26 min.) ; Apocalipsis doméstico / Gonzalo Millán (6:38 min.) ; Lemax (2:14 min.) ; En el furgón frigorífico (1:15 min.) ; Por ahora no sé quién eres (1:20 min.) ; Presentación de Miguel Huezo Mixco / John Fitzgerald Torres (0:30 min.) ; Introducción a su lectura / Miguel Huezo Mixco (0:34 min.) ; Cuatro bandidos (2:16 min.) ; El tesoro de Macedonia (1:04 min.) ; Viajero (0:38 min.) ; Algo más sobre el tesoro (0:27 min.) ; El fauno (0:40 min.) ; La cueva del viejo (1:04 min.) ; Presentación de David Cherician / John Fitzgerald Torres (0:48 min.) ; Introducción a su lectura / David Cherician (1:30 min.) ; Ritual de las demonias (1:10 min.) ; Yo pensé que la vida era (0:55 min.) ; Tu qué vas a la Mancha (1:37 min.) ; El sembrador (0:55 min.) ; Poema de golpe (1:05 min.) ; Mientras agonizo (1:00 min.) ; Generación (1:10 min.) ; Potro sin freno (1:10 min.) ; The under dog (1:26 min.) ; La noche de los titiriteros (1:03 min.) ; Mi herencia (0:56 min.) ; 55 veces (1:22 min.) ; Mellevo más (1:07 min.) ; Presentación de Margarita Laso / John Fitzgerald Torres (0:19 min.) ; Un ceibo que cuida / Margarita Laso (2:16 min.) ; En una galería del barrio Chino (2:58 min.) ; Se que las ratas me morderán (1:16 min.) ; El arco de carnero (1:20 min.) ; Ven a mi encuentro (1:45 min.) ; Hay Julián de mis pecados (1:40 min.) ; Despedida / John Fitzgerald Torres (0:17 min.). |
| 650 ## - PUNTO DE ACCESO ADICIONAL DE MATERIA--TÉRMINO DE MATERIA |
| Término de materia o nombre geográfico como elemento de entrada |
Poesía peruana |
| Subdivisión general |
Compact disc Poesía chilena |
| 650 ## - PUNTO DE ACCESO ADICIONAL DE MATERIA--TÉRMINO DE MATERIA |
| Término de materia o nombre geográfico como elemento de entrada |
Compact disc Poesía salvadoreña |
| Subdivisión general |
Compact disc Poesía latinoamericana |
| 650 ## - PUNTO DE ACCESO ADICIONAL DE MATERIA--TÉRMINO DE MATERIA |
| Término de materia o nombre geográfico como elemento de entrada |
Interpretación oral de poesía |
| Subdivisión general |
Compact disc |
| 700 ## - PUNTO DE ACCESO ADICIONAL--NOMBRE DE PERSONA |
| Nombre de persona |
Carranza, María Mercedes, |
| Fechas asociadas al nombre |
1945-2003. |
| 700 ## - PUNTO DE ACCESO ADICIONAL--NOMBRE DE PERSONA |
| Nombre de persona |
John Fitzgerald, |
| Fechas asociadas al nombre |
1964-. |
| 700 ## - PUNTO DE ACCESO ADICIONAL--NOMBRE DE PERSONA |
| Nombre de persona |
Torres Sanmiguel |
| 700 ## - PUNTO DE ACCESO ADICIONAL--NOMBRE DE PERSONA |
| Nombre de persona |
Millán, Gonzalo, |
| Fechas asociadas al nombre |
1947-2006 |
| 700 ## - PUNTO DE ACCESO ADICIONAL--NOMBRE DE PERSONA |
| Nombre de persona |
Huezo Mixco, Miguel, |
| Fechas asociadas al nombre |
1954- |
| 700 ## - PUNTO DE ACCESO ADICIONAL--NOMBRE DE PERSONA |
| Nombre de persona |
Chericián, David, |
| Fechas asociadas al nombre |
1940- |
| 700 ## - PUNTO DE ACCESO ADICIONAL--NOMBRE DE PERSONA |
| Nombre de persona |
Laso, Margarita, |
| Fechas asociadas al nombre |
1963- |
| 942 ## - ELEMENTOS DE PUNTO DE ACCESO ADICIONAL (KOHA) |
| Fuente del sistema de clasificación o colocación |
|
| Tipo de ítem Koha |
CDROM |